[Event "German Cup 2019"]
[Site "Magdeburg"]
[Date "2019.05.30"]
[Round "2.1"]
[White "Gressmann, Moritz"]
[Black "Kueppers, Timo"]
[Result "0-1"]
[WhiteElo "2180"]
[BlackElo "2312"]
[Annotator "RC"]
[PlyCount "87"]
[EventDate "2019.05.30"]
[EventType "k.o."]
[EventCountry "GER"]
[SourceTitle "playchess.com"]
[Source "ChessBase"]
[SourceQuality "1"]
[TimeControl "40/5400+30:900+30"]

1. e4 {[%emt 0:00:00]} c5 {[%emt 0:00:00]} 2. Nf3 {[%emt 0:00:00]} d6 {[%emt 0:00:00]} 3. Bb5+ {[%emt 0:00:00]} Nd7 {[%emt 0:00:00]} 4. O-O {[%emt 0:00:04]} a6 {[%emt 0:00:00]} 5. Bxd7+ {[%emt 0:00:10]} Bxd7 {[%emt 0:00:00]} 6. d4 {[%emt 0:00:19]} cxd4 {[%emt 0:00:00]} 7. Qxd4 {[%emt 0:00:07]} e6 {[%emt 0:04:35]} 8. c4 {[%emt 0:01:13]} Rc8 {[%emt 0:00:10]} 9. b3 {[%emt 0:01:18]} Be7 {[%emt 0:07:51]} 10. Bb2 {[%emt 0:00:43]} Nf6 {[%emt 0:00:37]} 11. Nbd2 {[%emt 0:01:37]} O-O {[%emt 0:04:25]} 12. Rfe1 {[%emt 0:02:00]} Qc7 {[%emt 0:02:55]} 13. h3 {[%emt 0:05:24]} Rfd8 {[%emt 0:00:57]} 14. Qe3 {[%emt 0:00:53]} b5 {[%emt 0:02:32]} 15. Nh2 {[%emt 0:12:34]} Qb7 {[%emt 0:02:19]} 16. Qg3 {[%emt 0:04:41]} bxc4 {[%emt 0:03:49]} 17. Nxc4 {[%emt 0:02:36]} Rxc4 {[%emt 0:01:33]} 18. Bxf6 {[%emt 0:00:13]} Bxf6 {[%emt 0:00:10]} 19. bxc4 {[%emt 0:01:41]} Bxa1 {[%emt 0:00:10]} 20. Rxa1 {[%emt 0:00:02]} Bc6 {[%emt 0:03:16]} 21. Ng4 {[%emt 0:06:20]} Bxe4 {[%emt 0:10:47]} 22. Rd1 {[%emt 0:05:29]} Qe7 {[%emt 0:05:37]} 23. c5 {[%emt 0:01:17]} d5 {[%emt 0:02:11]} 24. c6 {[%emt 0:03:46]} Rc8 {[%emt 0:02:16]} 25. Rc1 {[%emt 0:02:42]} h5 {[%emt 0:05:18]} 26. Ne5 {[%emt 0:02:24]} Qd6 {[%emt 0:04:22]} 27. Qf4 {[%emt 0:11:48]} f6 {[%emt 0:02:01]} 28. Ng6 {[%emt 0:04:13]} Qa3 {[%emt 0:11:48]} 29. Rc3 {[%emt 0:03:16]} Qxc3 {[%emt 0:00:44]} 30. Ne7+ {[%emt 0:00:07]} Kf8 {[%emt 0:06:21]} 31. Qd6 {[%emt 0:05:09]} Qa1+ {[%emt 0:00:33]} 32. Kh2 {[%emt 0:00:01]} Re8 {[%emt 0:02:18]} 33. Nf5+ {[%emt 0:07:42]} Kg8 {[%emt 0:03:05]} 34. Qd7 {[%emt 0:01:58]} Qe5+ {[%emt 0:00:12]} 35. Ng3 {[%emt 0:00:09]} Qb8 {[%emt 0:01:13]} 36. c7 {[%emt 0:01:04]} Qc8 {[%emt 0:00:08]} 37. Qd6 {[%emt 0:00:26]} Bg6 {[%emt 0:00:37]} 38. f4 {[%emt 0:00:43]} h4 {[%emt 0:02:34]} 39. Ne2 {[%emt 0:00:09]} Kf7 {[%emt 0:00:09]} 40. Nd4 {[%emt 0:01:12]} Re7 {[%emt 0:00:42]} 41. f5 {[%emt 0:17:08]} Bxf5 {[%emt 0:15:34]} 42. Nxf5 {[%emt 0:00:07]} exf5 {[%emt 0:00:33]} 43. Qxd5+ {[%emt 0:00:09]} Kg6 {[%emt 0:00:06]} 44. Qb7 0-1

[Event "German Cup 2019"]
[Site "Magdeburg"]
[Date "2019.05.30"]
[Round "2.1"]
[White "Uphoff, Lennart"]
[Black "Poetsch, Hagen"]
[Result "1/2-1/2"]
[WhiteElo "2145"]
[BlackElo "2515"]
[Annotator "TA"]
[PlyCount "80"]
[EventDate "2019.05.30"]
[EventType "k.o."]
[EventCountry "GER"]
[SourceTitle "playchess.com"]
[Source "ChessBase"]
[SourceQuality "1"]

{[%evp 15,80,8,8,0,8,11,14,10,25,30,24,26,57,46,44,51,60,58,51,16,101,0,0,-13,-13,-21,-22,-10,-14,-25,-5,-13,0,-7,7,0,0,0,0,0,0,0,0,0,0,0,0,0,0,0,0,0,0,0,0,0,6,0,0,0,0,0,0,0,0,0,0]} 1. d4 Nf6 2. c4 e6 3. Nc3 Bb4 4. e3 b6 5. Nge2 Ne4 6. Bd2 Nxd2 7. Qxd2 O-O 8. a3 Be7 9. g3 {E44: Nimzo-Indian: Rubinstein: 4...b6 5 Ne2} (9. Rd1 a5 10. Qc2 Bb7 11. d5 Na6 12. Nd4 Nc5 13. Be2 a4 14. Bf3 Qc8 15. O-O g6 16. dxe6 fxe6 {1-0 (48) Short,N (2656)-Tran,T (2512) Kolkata 2018}) 9... Bb7 10. d5 a5 11. Bg2 Na6 12. O-O {[#] Black must now prevent d6.} Nc5 13. Qc2 $146 {aiming for b4.} ({Predecessor:} 13. Rad1 Bf6 14. dxe6 dxe6 15. Bxb7 Nxb7 {1-0 (32) Verdier,J-Schreurs,W IECC email 1997}) 13... c6 14. b4 axb4 $1 15. axb4 {[%cal Ba3b4,Bb4b5][%mdl 32]} Na6 16. b5 Nb4 $1 {[%cal Rb4c2][%mdl 64] [#] Double Attack} 17. Qb3 Qc7 (17... cxd5 $11 18. cxd5 Qb8) 18. dxc6 (18. bxc6 $16 dxc6 19. dxe6) 18... dxc6 $11 19. bxc6 Bxc6 20. Bxc6 Nxc6 21. Rxa8 Rxa8 22. Rb1 Nb4 23. Nd4 {The position is equal.} h5 24. h4 Bc5 (24... Rc8 {seems wilder.} 25. Na4 Qb7 26. Rd1 Rd8 27. Nb5 Ra8) 25. Na4 Qa7 26. Nxc5 bxc5 27. Nb5 Qb7 28. Nc3 Qf3 29. Na4 Qf5 {Threatens to win with ...Rxa4!} 30. Nxc5 Ra2 31. Nd3 Qxd3 32. Qxb4 {[%mdl 4096] Endgame KQR-KQR} Rc2 33. Qb8+ Kh7 34. Qe5 Qe2 35. Qf4 f5 36. Kg2 (36. c5 {feels hotter.} Rxc5 37. Qd6 Rc2 38. Rf1 Qc4 39. Qd1) 36... Rxc4 37. Qf3 Qxf3+ 38. Kxf3 Kg6 39. Rb6 Kf6 40. Ra6 g6 {Accuracy: White = 48%, Black = 58%.} 1/2-1/2

[Event "German Cup 2019"]
[Site "Magdeburg"]
[Date "2019.05.30"]
[Round "2.1"]
[White "Bold, Andre"]
[Black "Kuberczyk, Christoph"]
[Result "0-1"]
[WhiteElo "2064"]
[BlackElo "2271"]
[Annotator "ChessBase"]
[PlyCount "125"]
[EventDate "2019.05.30"]
[EventType "k.o."]
[EventCountry "GER"]
[SourceTitle "playchess.com"]
[Source "ChessBase"]
[SourceQuality "1"]
[TimeControl "40/5400+30:900+30"]

1. g3 {[%emt 0:00:00]} d5 {[%emt 0:00:00]} 2. Nf3 {[%emt 0:00:00]} g6 {[%emt 0:00:17]} 3. Bg2 {[%emt 0:00:00]} Bg7 {[%emt 0:00:06]} 4. c4 {[%emt 0:00:00]} dxc4 {[%emt 0:02:32]} 5. Qa4+ {[%emt 0:00:00]} Nc6 {[%emt 0:01:04]} 6. Qxc4 {[%emt 0:01:11]} e5 {[%emt 0:06:54]} 7. d3 {[%emt 0:02:34]} Nge7 {[%emt 0:01:23]} 8. O-O {[%emt 0:00:09]} O-O {[%emt 0:00:20]} 9. Nc3 {[%emt 0:05:10]} h6 {[%emt 0:06:10]} 10. Be3 {[%emt 0:06:35]} Be6 {[%emt 0:01:23]} 11. Qa4 {[%emt 0:00:14]} Nf5 {[%emt 0:06:23]} 12. Bc5 {[%emt 0:04:28]} Re8 {[%emt 0:02:33]} 13. e4 {[%emt 0:02:11]} Nfe7 {[%emt 0:05:21]} 14. Rfd1 {[%emt 0:02:58]} a6 {[%emt 0:09:40]} 15. Rac1 {[%emt 0:07:45]} Qd7 {[%emt 0:03:37]} 16. Rd2 {[%emt 0:08:35]} Red8 {[%emt 0:04:17]} 17. Rcd1 {[%emt 0:04:02]} Bg4 {[%emt 0:10:18]} 18. Bxe7 {[%emt 0:14:33]} Qxe7 {[%emt 0:08:37]} 19. Nd5 {[%emt 0:02:21]} Qd7 {[%emt 0:00:34]} 20. Rc1 {[%emt 0:01:00]} Rac8 {[%emt 0:02:40]} 21. Qa3 {[%emt 0:11:48]} Kh8 {[%emt 0:00:57]} 22. Qc3 {[%emt 0:02:37]} Be6 {[%emt 0:05:34]} 23. Nb4 {[%emt 0:03:36]} Nxb4 {[%emt 0:04:38]} 24. Qxb4 {[%emt 0:00:05]} c5 {[%emt 0:03:13]} 25. Qa5 {[%emt 0:01:12]} Qb5 {[%emt 0:01:12]} 26. Qc3 {[%emt 0:03:14]} f6 {[%emt 0:03:52]} 27. Nh4 {[%emt 0:02:58]} Kh7 {[%emt 0:00:14]} 28. a3 {[%emt 0:01:03]} Qd7 {[%emt 0:05:14]} 29. Bf1 {[%emt 0:03:33]} h5 {[%emt 0:00:32]} 30. Rdd1 {[%emt 0:00:54]} Bh6 {[%emt 0:00:31]} 31. Rb1 {[%emt 0:00:05]} Bg4 {[%emt 0:02:24]} 32. Re1 {[%emt 0:00:57]} Rc7 {[%emt 0:00:56]} 33. Ng2 {[%emt 0:00:22]} c4 {[%emt 0:00:54]} 34. dxc4 {[%emt 0:07:28]} Bd2 {[%emt 0:00:09]} 35. Qb3 {[%emt 0:00:04]} Bxe1 {[%emt 0:01:00]} 36. Rxe1 {[%emt 0:00:03]} Be6 {[%emt 0:00:49]} 37. Ne3 {[%emt 0:00:35]} b5 {[%emt 0:00:17]} 38. Nd5 {[%emt 0:01:03]} Bxd5 {[%emt 0:00:01]} 39. cxd5 {[%emt 0:00:06]} Kg7 {[%emt 0:01:50]} 40. Qe3 {[%emt 0:00:21]} g5 {[%emt 0:00:44]} 41. Be2 {[%emt 0:16:13]} Kg6 {[%emt 0:01:48]} 42. Qb6 {[%emt 0:00:00]} Qd6 {[%emt 0:00:27]} 43. Qe3 {[%emt 0:00:00]} Rh8 {[%emt 0:00:58]} 44. Qf3 {[%emt 0:00:00]} Qd7 {[%emt 0:00:49]} 45. Qe3 {[%emt 0:00:00]} Rb7 {[%emt 0:02:31]} 46. Rf1 {[%emt 0:00:00]} h4 {[%emt 0:01:45]} 47. f4 {[%emt 0:00:00]} hxg3 {[%emt 0:01:04]} 48. fxg5 {[%emt 0:00:00]} gxh2+ {[%emt 0:01:10]} 49. Kh1 {[%emt 0:00:00]} fxg5 {[%emt 0:02:58]} 50. Rf5 {[%emt 0:00:00]} Qd8 {[%emt 0:02:11]} 51. Qc5 {[%emt 0:00:00]} Qb6 {[%emt 0:01:19]} 52. Qc1 {[%emt 0:00:34]} Qg1+ {[%emt 0:00:28]} 53. Qxg1 {[%emt 0:00:05]} hxg1=Q+ {[%emt 0:00:06]} 54. Kxg1 {[%emt 0:00:04]} Re8 {[%emt 0:01:15]} 55. Kf2 {[%emt 0:00:48]} Rc7 {[%emt 0:00:31]} 56. Kg3 {[%emt 0:00:27]} Rc2 {[%emt 0:00:38]} 57. Bf3 {[%emt 0:00:05]} Rc1 {[%emt 0:01:36]} 58. Bg2 {[%emt 0:00:32]} Rg1 {[%emt 0:00:30]} 59. Kf2 {[%emt 0:00:18]} Rb1 {[%emt 0:00:10]} 60. b4 {[%emt 0:00:02]} Rb3 {[%emt 0:00:21]} 61. Bf3 {[%emt 0:01:20]} Re7 {[%emt 0:00:38]} 62. Rf8 {[%emt 0:00:55]} Rf7 {[%emt 0:00:30]} 63. Ke1 {[%emt 0:09:17]} 0-1

[Event "German Cup 2019"]
[Site "Magdeburg"]
[Date "2019.05.30"]
[Round "2.1"]
[White "Meyer-Dunker, Paul"]
[Black "Jandke, Manfred"]
[Result "1-0"]
[WhiteElo "2062"]
[BlackElo "2072"]
[Annotator "NA"]
[PlyCount "59"]
[EventDate "2019.05.30"]
[EventType "k.o."]
[EventCountry "GER"]
[SourceTitle "playchess.com"]
[Source "ChessBase"]
[SourceQuality "1"]
[TimeControl "40/5400+30:900+30"]

1. e4 {[%emt 0:00:00]} e6 {[%emt 0:00:00]} 2. d4 {[%emt 0:00:00]} d5 {[%emt 0:00:00]} 3. e5 {[%emt 0:00:00]} c5 {[%emt 0:00:00]} 4. c3 {[%emt 0:00:00]} Qa5 {[%emt 0:00:02]} 5. a3 {[%emt 0:05:59]} Bd7 {[%emt 0:02:48]} 6. Nf3 {[%emt 0:12:18]} Ne7 {[%emt 0:20:54]} 7. Be3 {[%emt 0:06:08]} Nf5 {[%emt 0:01:48]} 8. Bd3 {[%emt 0:03:20]} Nxe3 {[%emt 0:06:24]} 9. fxe3 {[%emt 0:00:09]} Be7 {[%emt 0:00:15]} 10. O-O {[%emt 0:02:07]} Nc6 {[%emt 0:02:13]} 11. Nbd2 {[%emt 0:05:11]} Qb6 {[%emt 0:07:53]} 12. b4 {[%emt 0:02:56]} c4 {[%emt 0:09:28]} 13. Bc2 {[%emt 0:08:14]} f6 {[%emt 0:05:11]} 14. exf6 {[%emt 0:00:45]} gxf6 {[%emt 0:01:07]} 15. Kh1 {[%emt 0:02:23]} O-O-O {[%emt 0:02:47]} 16. e4 {[%emt 0:06:56]} Rdg8 {[%emt 0:05:46]} 17. exd5 {[%emt 0:05:35]} exd5 {[%emt 0:00:15]} 18. Nh4 {[%emt 0:03:28]} Kb8 {[%emt 0:06:11]} 19. Qf3 {[%emt 0:03:05]} Rg5 {[%emt 0:03:37]} 20. Bf5 {[%emt 0:01:52]} Bxf5 {[%emt 0:06:11]} 21. Nxf5 {[%emt 0:00:18]} Qd8 {[%emt 0:04:26]} 22. Rae1 {[%emt 0:05:24]} Rhg8 {[%emt 0:01:34]} 23. b5 {[%emt 0:04:56]} Rxg2 {[%emt 0:01:52]} 24. bxc6 {[%emt 0:02:16]} Bd6 {[%emt 0:00:05]} 25. Qxg2 {[%emt 0:04:36]} Rxg2 {[%emt 0:02:56]} 26. Kxg2 {[%emt 0:00:04]} bxc6 {[%emt 0:03:05]} 27. Kh1 {[%emt 0:00:16]} Bxa3 {[%emt 0:01:00]} 28. Rg1 {[%emt 0:03:32]} Bf8 {[%emt 0:04:23]} 29. Rg8 {[%emt 0:01:13]} Kc7 {[%emt 0:00:12]} 30. Ng7 {[%emt 0:00:35]} 1-0

[Event "German Cup 2019"]
[Site "Magdeburg"]
[Date "2019.05.30"]
[Round "2.1"]
[White "Kurth, Uwe"]
[Black "Cofmann, Veaceslav"]
[Result "0-1"]
[WhiteElo "2027"]
[BlackElo "2250"]
[Annotator "ChessBase"]
[PlyCount "108"]
[EventDate "2019.05.30"]
[EventType "k.o."]
[EventCountry "GER"]
[SourceTitle "playchess.com"]
[Source "ChessBase"]
[SourceQuality "1"]
[TimeControl "40/5400+30:900+30"]

1. e4 {[%emt 0:00:00]} d5 {[%emt 0:00:00]} 2. exd5 {[%emt 0:00:00]} Nf6 {[%emt 0:00:00]} 3. Nf3 {[%emt 0:00:00]} Nxd5 {[%emt 0:00:03]} 4. Bc4 {[%emt 0:00:35]} c6 {[%emt 0:00:17]} 5. d4 {[%emt 0:02:22]} Bg4 {[%emt 0:00:21]} 6. h3 {[%emt 0:01:23]} Bxf3 {[%emt 0:03:41]} 7. Qxf3 {[%emt 0:00:22]} e6 {[%emt 0:00:08]} 8. c3 {[%emt 0:02:58]} Nd7 {[%emt 0:01:52]} 9. Nd2 {[%emt 0:00:37]} Qf6 {[%emt 0:00:37]} 10. O-O {[%emt 0:09:57]} Qxf3 {[%emt 0:01:12]} 11. Nxf3 {[%emt 0:00:08]} Bd6 {[%emt 0:00:22]} 12. Re1 {[%emt 0:01:02]} O-O {[%emt 0:00:22]} 13. Bd2 {[%emt 0:00:56]} h6 {[%emt 0:01:40]} 14. a3 {[%emt 0:03:37]} Rad8 {[%emt 0:01:15]} 15. Rad1 {[%emt 0:01:52]} Bf4 {[%emt 0:00:36]} 16. Bxf4 {[%emt 0:03:38]} Nxf4 {[%emt 0:00:07]} 17. h4 {[%emt 0:05:50]} a5 {[%emt 0:05:06]} 18. g3 {[%emt 0:04:00]} Nd5 {[%emt 0:03:08]} 19. Bb3 {[%emt 0:06:32]} N5b6 {[%emt 0:05:06]} 20. Ne5 {[%emt 0:03:18]} Nxe5 {[%emt 0:02:28]} 21. Rxe5 {[%emt 0:00:46]} a4 {[%emt 0:00:20]} 22. Ba2 {[%emt 0:00:32]} Nd7 {[%emt 0:05:01]} 23. Re3 {[%emt 0:04:32]} Nf6 {[%emt 0:03:37]} 24. f3 {[%emt 0:04:59]} Rfe8 {[%emt 0:01:17]} 25. Red3 {[%emt 0:03:50]} g5 {[%emt 0:03:24]} 26. hxg5 {[%emt 0:03:03]} hxg5 {[%emt 0:00:08]} 27. Kf2 {[%emt 0:01:46]} Kg7 {[%emt 0:00:26]} 28. c4 {[%emt 0:08:26]} Rh8 {[%emt 0:00:33]} 29. Kg2 {[%emt 0:00:33]} Rh6 {[%emt 0:03:14]} 30. Rh1 {[%emt 0:02:55]} Rxh1 {[%emt 0:00:12]} 31. Kxh1 {[%emt 0:00:01]} c5 {[%emt 0:00:09]} 32. Bb1 {[%emt 0:04:33]} cxd4 {[%emt 0:01:10]} 33. Bc2 {[%emt 0:00:21]} e5 {[%emt 0:00:05]} 34. Bxa4 {[%emt 0:04:05]} g4 {[%emt 0:00:09]} 35. Kg2 {[%emt 0:03:28]} gxf3+ {[%emt 0:00:16]} 36. Rxf3 {[%emt 0:00:05]} e4 {[%emt 0:00:41]} 37. Rf5 {[%emt 0:02:04]} Kg6 {[%emt 0:01:49]} 38. Re5 {[%emt 0:01:37]} d3 {[%emt 0:02:00]} 39. Bd1 {[%emt 0:09:11]} Rd4 {[%emt 0:00:22]} 40. b3 {[%emt 0:00:44]} Nd7 {[%emt 0:00:27]} 41. Re8 {[%emt 0:17:03]} f5 {[%emt 0:16:27]} 42. Kf2 {[%emt 0:00:00]} d2 {[%emt 0:00:00]} 43. Ke2 {[%emt 0:00:00]} Nf6 {[%emt 0:00:00]} 44. Re6 {[%emt 0:00:00]} Kg5 {[%emt 0:00:00]} 45. Re7 {[%emt 0:00:00]} Nh5 {[%emt 0:00:00]} 46. Kf2 {[%emt 0:00:00]} Rd3 {[%emt 0:00:00]} 47. g4 {[%emt 0:00:00]} fxg4 {[%emt 0:00:00]} 48. Rxe4 {[%emt 0:00:00]} g3+ {[%emt 0:00:00]} 49. Kf1 {[%emt 0:04:01]} Nf4 {[%emt 0:00:00]} 50. Re8 {[%emt 0:00:24]} g2+ {[%emt 0:00:00]} 51. Kf2 {[%emt 0:01:04]} Rh3 {[%emt 0:00:00]} 52. Rg8+ {[%emt 0:00:39]} Kf6 {[%emt 0:00:00]} 53. Rxg2 {[%emt 0:01:01]} Nxg2 {[%emt 0:00:00]} 54. Kxg2 {[%emt 0:00:04]} Re3 {[%emt 0:00:00]} 0-1

[Event "German Cup 2019"]
[Site "Magdeburg"]
[Date "2019.05.30"]
[Round "2.1"]
[White "Othmer, Michael"]
[Black "Hoehn, Michael"]
[Result "1/2-1/2"]
[WhiteElo "1985"]
[BlackElo "2026"]
[Annotator "NA RC"]
[PlyCount "64"]
[EventDate "2019.05.30"]
[EventType "k.o."]
[EventCountry "GER"]
[SourceTitle "playchess.com"]
[Source "ChessBase"]
[SourceQuality "1"]
[TimeControl "40/5400+30:900+30"]

1. Nf3 {[%emt 0:00:00]} Nf6 {[%emt 0:00:00]} 2. g3 {[%emt 0:00:49]} g6 {[%emt 0:00:00]} 3. Bg2 {[%emt 0:00:18]} Bg7 {[%emt 0:00:04]} 4. O-O {[%emt 0:00:06]} O-O {[%emt 0:00:05]} 5. d3 {[%emt 0:00:52]} d5 {[%emt 0:00:54]} 6. Nbd2 {[%emt 0:00:58]} c5 {[%emt 0:00:44]} 7. Re1 {[%emt 0:00:50]} Nc6 {[%emt 0:00:45]} 8. e4 {[%emt 0:01:32]} Qc7 {[%emt 0:23:27]} 9. c3 {[%emt 0:11:56]} dxe4 {[%emt 0:15:47]} 10. dxe4 {[%emt 0:02:27]} Rd8 {[%emt 0:02:50]} 11. Qc2 {[%emt 0:06:00]} b5 {[%emt 0:03:23]} 12. Nb3 {[%emt 0:02:25]} Nd7 {[%emt 0:16:11]} 13. Be3 {[%emt 0:01:34]} c4 {[%emt 0:01:42]} 14. Nbd4 {[%emt 0:00:36]} Nxd4 {[%emt 0:01:33]} 15. Nxd4 {[%emt 0:00:35]} Bxd4 {[%emt 0:03:58]} 16. cxd4 {[%emt 0:04:18]} e5 {[%emt 0:02:45]} 17. Rad1 {[%emt 0:08:50]} exd4 {[%emt 0:02:53]} 18. Rxd4 {[%emt 0:09:51]} Ne5 {[%emt 0:08:30]} 19. Rxd8+ {[%emt 0:05:41]} Qxd8 {[%emt 0:00:04]} 20. Rd1 {[%emt 0:00:32]} Qa5 {[%emt 0:04:03]} 21. Qc3 {[%emt 0:06:15]} b4 {[%emt 0:01:47]} 22. Qd4 {[%emt 0:00:11]} Be6 {[%emt 0:02:01]} 23. Bh6 {[%emt 0:04:07]} f6 {[%emt 0:02:52]} 24. Qd6 {[%emt 0:06:24]} Re8 {[%emt 0:01:00]} 25. Be3 {[%emt 0:04:06]} c3 {[%emt 0:02:48]} 26. bxc3 {[%emt 0:01:41]} bxc3 {[%emt 0:00:17]} 27. Rc1 {[%emt 0:06:22]} Kf7 {[%emt 0:01:08]} 28. Qc5 {[%emt 0:04:50]} Qxc5 {[%emt 0:00:33]} 29. Bxc5 {[%emt 0:00:02]} Rc8 {[%emt 0:01:03]} 30. Rxc3 {[%emt 0:01:16]} Nd7 {[%emt 0:00:24]} 31. Bd4 {[%emt 0:00:31]} Rxc3 {[%emt 0:00:07]} 32. Bxc3 {[%emt 0:00:03]} Bxa2 {[%emt 0:00:06]} 1/2-1/2

[Event "German Cup 2019"]
[Site "Magdeburg"]
[Date "2019.05.31"]
[Round "3.1"]
[White "Andre, Gordon"]
[Black "Kopylov, Daniel"]
[Result "1-0"]
[WhiteElo "2340"]
[BlackElo "2263"]
[Annotator "TA"]
[PlyCount "41"]
[EventDate "2019.05.30"]
[EventType "k.o."]
[EventCountry "GER"]
[SourceTitle "playchess.com"]
[Source "ChessBase"]
[SourceQuality "1"]

{[%evp 20,41,22,27,104,97,81,74,138,131,124,76,87,59,235,239,204,161,360,316,616,604,937,885]} 1. d4 Nf6 2. c4 g6 3. Nc3 d5 4. cxd5 Nxd5 5. e4 Nxc3 6. bxc3 Bg7 7. Be3 c5 8. Rc1 Qa5 9. Qd2 O-O 10. Nf3 Rd8 11. d5 b6 {D85: Exchange Grünfeld: Unusual White 7th moves and lines with 7 Nf3} (11... e6 $11) (11... e6 12. Bg5 f6 13. Be3 Nc6 14. h4 exd5 15. exd5 Bg4 16. Be2 c4 17. Bxc4 Bxf3 18. gxf3 Ne5 19. Be2 Qxd5 20. Qxd5+ Rxd5 {½-½ (40) Akobian,V (2625)-So,W (2762) Saint Louis 2019}) 12. Bh6 $16 Qa4 $146 ({Predecessor:} 12... Bh8 13. h4 Qa4 14. Bd3 Ba6 15. c4 Nd7 16. h5 b5 17. hxg6 hxg6 18. cxb5 Bxb5 19. Bxb5 Qxb5 {0-1 (58) Schwarz,D (2286)-Szegi,T (2246) Slovakia 2012}) 13. Bd3 e6 ({Black should try} 13... Ba6 14. c4 Bxh6 15. Qxh6 Qb4+ 16. Qd2 Nd7) 14. Bxg7 Kxg7 15. O-O ({But not} 15. Qf4 $6 exd5 16. h4 dxe4 $11) 15... exd5 16. exd5 Bg4 $2 {[#]} (16... Rxd5 $14 17. c4 Rd7) 17. Bc2 $18 Qe8 18. Rfe1 Qg8 $2 (18... Qf8 {keeps fighting.}) 19. Ne5 Be6 $2 (19... Bd7 20. Bb3 Re8) 20. c4 Qf8 21. Qc3 1-0

[Event "German Cup 2019"]
[Site "Magdeburg"]
[Date "2019.05.31"]
[Round "3.1"]
[White "Kueppers, Timo"]
[Black "Meyer-Dunker, Paul"]
[Result "1-0"]
[WhiteElo "2312"]
[BlackElo "2062"]
[Annotator "TA"]
[PlyCount "121"]
[EventDate "2019.05.30"]
[EventType "k.o."]
[EventCountry "GER"]
[SourceTitle "playchess.com"]
[Source "ChessBase"]
[SourceQuality "1"]

{[%evp 14,120,26,20,18,0,0,-3,28,24,37,27,35,23,17,0,17,0,37,0,11,0,0,-29,15,-10,60,-11,102,94,124,91,86,87,83,88,98,67,152,41,39,31,396,404,400,362,363,365,347,356,392,358,476,473,461,440,754,406,388,274,280,277,281,270,281,276,247,261,277,275,256,193,172,0,257,241,583,726,739,739,695,707,654,614,614,588,616,616,604,602,547,530,760,633,620,598,762,738,1058,732,906,734,1521,1425,29997,29998,29998,29999,29999]} 1. e4 e5 2. Nf3 Nc6 3. Bc4 Nf6 4. d3 Bc5 5. O-O a6 6. c3 d6 7. Bb3 Ba7 8. Nbd2 h6 {C54: Giuoco Piano: 4 c3 Nf6, main lines with 5 d4 and 5 d3} (8... O-O 9. h3 h6 10. Re1 Ne7 11. Nf1 Ng6 12. Ng3 c5 13. Be3 b5 14. Qd2 Kh7 15. Rad1 Be6 16. d4 Bxb3 17. axb3 cxd4 18. cxd4 Qc7 19. Qd3 Qb7 20. Nh2 {½-½ (33) Andreikin,D (2719)-Kamsky,G (2666) St Petersburg 2018}) 9. Nc4 b5 $146 ({Predecessor:} 9... g5) 10. Ne3 Na5 {The position is equal.} 11. Bc2 c5 12. Re1 O-O 13. h3 Re8 14. a4 b4 15. Nc4 Nc6 16. Bb3 Rb8 17. Ne3 Na5 {White must now prevent ...bxc3.} 18. Bc4 Bb7 19. Bd2 Rc8 (19... Nxc4 $11 20. Nxc4 a5) 20. Rc1 (20. Ba2 $14) 20... Qb6 {[#]} (20... Nxc4 $11 21. Nxc4 a5) 21. Nh4 $1 $16 bxc3 22. bxc3 Nxc4 23. Nxc4 Qc7 24. Nf5 Re6 25. f4 Qd7 ({Better is} 25... Bc6 $14) 26. Nxh6+ ({White should try} 26. Qf3 $16) 26... gxh6 $14 27. f5 $1 {[%cal Rf5e6]} d5 $2 {[%mdl 8192]} ({Black should play} 27... Ree8 $14 28. Bxh6 Kh7) 28. fxe6 $18 Qxe6 29. exd5 Qxd5 {[%csl Gb7][%cal Rd5g2]} 30. Qf3 Qxf3 31. gxf3 Bc6 32. a5 Nd7 33. Nxe5 Nxe5 34. Rxe5 Bxf3 (34... Bb8 $142) 35. Rf1 Bb8 36. Rf5 Be2 37. R1f2 ({Less strong is} 37. Rxf7 Bxf1 38. Rxf1 Rd8 $16) ({Resist} 37. Bxh6 $6 Bxf1 38. Kxf1 (38. Rxf1 Bc7 $14) 38... Rc6 $18) 37... Bxd3 38. Rg2+ ({Weaker is} 38. Bxh6 Bxf5 39. Rxf5 Bc7 $15) (38. Rxf7 Bg3 $16) 38... Kf8 39. Bxh6+ Ke7 40. Bg5+ Kf8 41. Rf3 c4 42. Bh6+ Ke7 43. Bg5+ (43. Bf4 $142) 43... Kf8 44. Re3 {[%cal Rg5h6]} f5 $2 (44... Bg6 {is tougher.} 45. Re1 Ba7+ 46. Kh1 Kg7) 45. Bh6+ Kf7 46. Rg7+ Kf6 47. Ree7 {[%csl Gg7][%cal Rh6g5]} f4 48. Rgf7+ Kg6 49. Bxf4 Bxf4 50. Rxf4 {[%mdl 4096] Endgame KRR-KRB} Bf5 51. h4 Rc5 52. Kf2 Kh5 53. Ra7 Rxa5 54. Rxc4 Bd3 55. Rd4 Ra2+ 56. Ke3 Bf1 57. c4 a5 58. Kf4 {White threatens Rd5+ and mate.} Ra4 59. Rd5+ {[%mdl 64] [#] Double Attack. White mates.} Kg6 60. Rd6+ Kh5 61. Rh7# {Accuracy: White = 41%, Black = 34%.} 1-0